Los vendedores de sortilegios / (Registro nro. 7064)

Detalles MARC
000 -LEADER
fixed length control field 01006nam a22002177a 4500
003 - CONTROL NUMBER IDENTIFIER
control field OSt
005 - DATE AND TIME OF LATEST TRANSACTION
control field 20250502124103.0
008 - FIXED-LENGTH DATA ELEMENTS--GENERAL INFORMATION
fixed length control field 210119s1989 ck ||||er|||| 00| 0 spa d
040 ## - CATALOGING SOURCE
Original cataloging agency CO-JMCR
Transcribing agency CO-JMCR
041 0# - LANGUAGE CODE
Language code of text/sound track or separate title spa
082 04 - DEWEY DECIMAL CLASSIFICATION NUMBER
Classification number A-N
Item number SANv
Edition number 23
100 1# - MAIN ENTRY--PERSONAL NAME
Personal name Sandoval A., Ligia,
Relator term autora
9 (RLIN) 12871
245 14 - TITLE STATEMENT
Title Los vendedores de sortilegios /
Statement of responsibility, etc. Ligia Sandoval A.
260 ## - PUBLICATION, DISTRIBUTION, ETC.
Place of publication, distribution, etc. Bogotá :
Name of publisher, distributor, etc. Emfasar,
Date of publication, distribution, etc. 1989.
300 ## - PHYSICAL DESCRIPTION
Extent 120 páginas ;
Dimensions 17 cm.
500 ## - GENERAL NOTE
General note Datos biográficos de la autora en contraportada.
520 0# - SUMMARY, ETC.
Summary, etc. Los vendedores de sortilegios o mejor sus hijos de ellos "Otros tantos promeseros que vendrán de las galaxias o caso más seguros de las estepas blancas o de la isla de la buena esperanza, donde su dueño un mesiánico de luengas barbas será quien redima los nuevos hijos de estafalandia arrancándole los ojos y custodiando para que no se pierda esta patria.
650 24 - SUBJECT ADDED ENTRY--TOPICAL TERM
Topical term or geographic name entry element Novela colombiana
9 (RLIN) 12872
650 24 - SUBJECT ADDED ENTRY--TOPICAL TERM
Topical term or geographic name entry element Critica social en la literatura
9 (RLIN) 12873
942 ## - ADDED ENTRY ELEMENTS (KOHA)
Source of classification or shelving scheme Dewey Decimal Classification
Koha item type Books
Existencias
Withdrawn status Lost status Source of classification or shelving scheme Damaged status Not for loan Collection code Home library Current library Shelving location Date acquired Source of acquisition Full call number Barcode Date last seen Copy number Price effective from Koha item type
    Dewey Decimal Classification     Fiction Biblioteca Pública José María del Castillo y Rada Biblioteca Pública José María del Castillo y Rada Fiction 04/15/2018 Donación A-N SANv 201810155 01/19/2021 Ej.1 04/15/2018 Books